| 000 | 00418nam a22001457a 4500 | ||
|---|---|---|---|
| 020 | _qHBK. | ||
| 082 | _a658 | ||
| 100 | _aAhmad, Haseeb | ||
| 245 |
_aImpact of Foreign Remittances on Economy of Pakistan _cHaseeb Ahmad. |
||
| 260 |
_aIslamabad: _bNBS - NUST, _c2014. |
||
| 300 |
_a51 p. : ill. ; _c30cm. |
||
| 650 |
_aMBA Thesis. _917629 |
||
| 942 |
_2ddc _cTHE |
||
| 999 |
_c527698 _d527698 |
||